US Presidents, Parties, and Years Served - Statistics

General Stats
  • This quiz has been taken 477 times
  • The average score is 42 of 141
Answer Stats
Answer % Correct
George Washington
98%
John Adams
59%
Independent
50%
Thomas Jefferson
50%
James Madison
46%
James Monroe
46%
John Quincy Adams
46%
Andrew Jackson
43%
Martin Van Buren
43%
Federalist
42%
1789-1797
41%
Abraham Lincoln
41%
James K. Polk
41%
Democrat
40%
James Buchanan
40%
John Tyler
40%
William Henry Harrison
40%
Democrat
39%
Donald Trump
39%
Franklin Pierce
38%
Joe Biden
38%
Millard Fillmore
38%
Zachary Taylor
38%
Andrew Johnson
37%
Democrat
37%
Ulysses S. Grant
37%
Barack Obama
36%
Bill Clinton
36%
Donald Trump
36%
George W. Bush
36%
Whig
36%
1797-1801
35%
Democrat
35%
George H.W. Bush
35%
Whig
35%
Democrat
34%
Democrat
34%
Democratic-Republican
34%
Republican
34%
Ronald Reagan
34%
Whig
34%
Democrat
33%
Democrat
33%
Democrat
33%
Democratic-Republican
33%
Republican
33%
Republican
33%
1801-1809
32%
Democratic-Republican
32%
Grover Cleveland
32%
Republican
32%
Republican
32%
Republican
32%
Whig
32%
1809-1817
30%
Franklin D. Roosevelt
30%
Grover Cleveland
30%
Jimmy Carter
30%
John F. Kennedy
30%
Rutherford B. Hayes
30%
1817-1825
29%
Democrat
29%
Democratic-Republican
29%
Dwight D. Eisenhower
29%
Republican
29%
1825-1829
28%
1829-1837
28%
1837-1841
28%
Calvin Coolidge
28%
Democrat
28%
Democrat
28%
Gerald R. Ford
28%
Harry S. Truman
28%
Herbert Hoover
28%
James A. Garfield
28%
Lyndon B. Johnson
28%
Republican
28%
Theodore Roosevelt
28%
William McKinley
28%
Benjamin Harrison
27%
Chester A Arthur
27%
Democrat
27%
Democrat
27%
Republican
27%
Republican
27%
Republican
27%
Warren G. Harding
27%
William Howard Taft
27%
Woodrow Wilson
27%
1841
26%
1841-1845
26%
1850-1853
26%
Republican
26%
Republican
26%
Republican
26%
Republican
26%
Republican
26%
1845-1849
25%
1849-1850
25%
1853-1857
25%
1857-1861
25%
1861-1865
25%
Republican
25%
Republican
25%
Republican
25%
1865-1869
24%
Democrat
24%
Richard M. Nixon
23%
1869-1877
21%
2025
21%
Republican
21%
2009-2017
20%
Democrat
20%
Democrat
20%
1877-1881
18%
1933-1945
18%
1981-1989
18%
1993-2001
18%
2001-2009
18%
2017-2021
18%
2021-2025
18%
1881
17%
1881-1885
17%
1885-1889
17%
1889-1893
17%
1893-1897
17%
1897-1901
17%
1901-1909
17%
1909-1913
17%
1913-1921
17%
1921-1923
17%
1923-1929
17%
1929-1933
17%
1945-1953
17%
1953-1961
17%
1961-1963
17%
1963-1969
17%
1977-1981
17%
1989-1993
17%
1974-1977
16%
1969-1974
15%
No matching quizzes found
Score Distribution
Percent of People with Each Score
Percentile by Number Answered
Your Score History
You have not taken this quiz